000 00852nam a22002177a 4500
999 _c5605
_d5605
003 AR-CdUCM
008 190312b ||||| |||| 00| 0 spa d
040 _aMUNICIPALIDAD PROVINCIAL DEL CUSCO
_cBIBLIOTECA MUNICIPAL DEL CUSCO
082 _a869.56 /
_bC32
100 _aCaudwell, Christopher
_916766
245 _aIlusion y realidad :
_bUna poética marxista /
260 _aBuenos Aires :
_bEditorial Paidos,
_c1972.
300 _a334 páginas ;
_c20 cm.
500 _aDonación familia Luis Nieto
505 _aContenido: El nacimiento de la poesía -- La muerta de la mitología -- El desarrollo de la poesía moderna -- Los poetas ingleses -- Las características de la poesía -- EL mundo y el Yo...
650 _aMitología poética
_916767
650 _aMarxismo
_924
650 _aCapitalismo
_93221
942 _2ddc
_cLIBROS
945 _adavv